| 000 | 00851nam a22002177i 4500 | ||
|---|---|---|---|
| 999 |
_c23130 _d23130 |
||
| 003 | AR-CdUCM | ||
| 008 | 241115b20212021 pe||||| |||| 00| 0 spa d | ||
| 020 | _a978-612-48632-1-9 | ||
| 040 |
_aMUNICIPALIDAD PROVINCIAL DEL CUSCO _cBIBLIOTECA MUNICIPAL DEL CUSCO |
||
| 041 | _hspa | ||
| 082 |
_a869.57 / U24 _bU24 |
||
| 100 |
_aUgarte Céspedes, Pavel _950822 |
||
| 245 | _aFamilia peruana / | ||
| 260 |
_aCusco : _bRoyer Capcha Quejias Editorial E.I.R.L. _c2021 |
||
| 300 |
_a97 páginas. : _c19 cm. |
||
| 505 | _aUn niño anida en mi boca -- Autorretrato -- Lengua madre -- Alumbramiento -- Los perseguidos -- Credo -- Confesión -- Espejo de agua -- Palabras seminales -- Canción del niño dormido -- Partida de nacimiento | ||
| 650 |
_aPoseía _926038 |
||
| 650 |
_aLiteratura _950823 |
||
| 942 |
_2ddc _cLIBROS |
||
| 945 |
_apbj _d15-11-2024 |
||